000 00772 a2200325 4500
260 _bMasson
245 _aL'Espace urbain
300 _a381 p.
650 _aUrbanisation
650 _aEspace urbain
650 _aAménagement du territoire
260 _aParis
300 _b25 cm
260 _c1980
100 _lFr
630 _a91 - Geographie. Exploration de la terre, des diverses regions, des divers pays. Voyages. Geographie regionale
037 _aL4808
037 _aL4807
037 _aL4811
037 _aL4812
037 _aL4806
037 _aL4805
037 _aL4813
650 _a9 - GEOGRAPHIE ET HISTOIRE
100 _aBastié, Jean
700 _aDézert, Bernard
020 _a2-225-65835-8
999 _c35461
_d35461